<?xml version="1.0" encoding="UTF-8"?><?xml-stylesheet type="text/xsl" href="static/style.xsl"?><OAI-PMH xmlns="http://www.openarchives.org/OAI/2.0/" xmlns:xsi="http://www.w3.org/2001/XMLSchema-instance" xsi:schemaLocation="http://www.openarchives.org/OAI/2.0/ http://www.openarchives.org/OAI/2.0/OAI-PMH.xsd"><responseDate>2026-04-17T09:33:28Z</responseDate><request verb="GetRecord" identifier="oai:www.recercat.cat:10459.1/465088" metadataPrefix="marc">https://recercat.cat/oai/request</request><GetRecord><record><header><identifier>oai:recercat.cat:10459.1/465088</identifier><datestamp>2025-09-15T18:46:57Z</datestamp><setSpec>com_2072_3622</setSpec><setSpec>col_2072_479130</setSpec></header><metadata><record xmlns="http://www.loc.gov/MARC21/slim" xmlns:dcterms="http://purl.org/dc/terms/" xmlns:xsi="http://www.w3.org/2001/XMLSchema-instance" xmlns:doc="http://www.lyncode.com/xoai" xsi:schemaLocation="http://www.loc.gov/MARC21/slim http://www.loc.gov/standards/marcxml/schema/MARC21slim.xsd">
   <leader>00925njm 22002777a 4500</leader>
   <datafield ind2=" " ind1=" " tag="042">
      <subfield code="a">dc</subfield>
   </datafield>
   <datafield ind2=" " ind1=" " tag="720">
      <subfield code="a">Ramos Pla, Anabel</subfield>
      <subfield code="e">author</subfield>
   </datafield>
   <datafield ind2=" " ind1=" " tag="720">
      <subfield code="a">Olondriz Valverde, Aleix</subfield>
      <subfield code="e">author</subfield>
   </datafield>
   <datafield ind2=" " ind1=" " tag="260">
      <subfield code="c">2023</subfield>
   </datafield>
   <datafield ind2=" " ind1=" " tag="520">
      <subfield code="a">La Cátedra DOTSS de la Universidad de Lleida (Desarrollo de Organizaciones y Territorios Saludables y Sostenibles), pretende abordar en este nuevo monográfico, el campo de estudio de la sostenibilidad, a través de las directrices de la Agenda 2030 y los ODS (Objetivos de Desarrollo Sostenible). Siguiendo las directrices de la ONU sobre la movilización de la sociedad en sus tres niveles, la cátedra DOTSS se centra en el último nivel de acción: La acción por
parte de las personas. En este nivel, se incluyen la juventud, sociedad civil, círculos académicos y educativos y otras partes interesadas en impulsar las transformaciones necesarias. En esta línea, también se pretende analizar cómo se está incorporando en el ámbito educativo y en la sociedad el concepto de competencias verdes, además de hacer una revisión de los conceptos y la situación actual desde diferentes perspectivas (educativa, en clave de género, alimentaria, social, ambiental...) incluyendo una especial mención a un proyecto de referencia energéticamente sostenible.</subfield>
   </datafield>
   <datafield tag="653" ind2=" " ind1=" ">
      <subfield code="a">Sostenibilitat</subfield>
   </datafield>
   <datafield tag="653" ind2=" " ind1=" ">
      <subfield code="a">Educació</subfield>
   </datafield>
   <datafield ind2="0" ind1="0" tag="245">
      <subfield code="a">Construyendo un mundo sostenible: ODS clave para el cambio</subfield>
   </datafield>
</record></metadata></record></GetRecord></OAI-PMH>